[Event "Sparkassen-Open A"]
[Site "Heusenstamm, Martinsee"]
[Date "2023.11.25"]
[Round "5.69"]
[White "Mohr, Alwin"]
[Black "Mester, Philipp"]
[Result "1/2-1/2"]
[WhiteElo "1614"]
[BlackElo "1806"]
[PlyCount "132"]
[EventDate "2023.??.??"]
[WhiteTeam "SV Oberursel"]
[BlackTeam "SVG CAISSA Kassel"]

1. e4 e5 2. Nf3 Nc6 3. d4 exd4 4. Nxd4 Bc5 5. Nb3 Bb6 6. Qe2 a5 7. Nc3 a4 8. Nd2 d6 9. Nc4 Bc5 10. Be3 b6 11. O-O-O Be6 12. Bxc5 bxc5 13. f4 Nh6 14. h3 Qh4 15. Qd2 O-O 16. Re1 Rfb8 17. Bd3 Bxc4 18. Bxc4 Na5 19. Bb5 a3 20. b3 c6 21. Ba4 d5 22. g3 Qxg3 23. Rhg1 Qxh3 24. Re3 Qe6 25. Reg3 Kh8 26. f5 Qf6 27. Rxg7 Rg8 28. Rxg8+ Rxg8 29. Rxg8+ Nxg8 30. Kd1 dxe4 31. Nxe4 Qxf5 32. Qc3+ f6 33. Nxf6 Qf1+ 34. Kd2 Nxb3+ 35. cxb3 Nxf6 36. Bxc6 Qf4+ 37. Kc2 Qf2+ 38. Kd1 Kg7 39. Qd2 Qxd2+ 40. Kxd2 Kf7 41. Kc3 Ke6 42. Kc4 Kd6 43. Bf3 Nd7 44. Kb5 Ne5 45. Be2 Kd5 46. Ka4 Ng6 47. Bd3 Nf8 48. Kxa3 h5 49. Kb2 Ne6 50. Kc3 Nf4 51. Bc4+ Ke4 52. a4 Nd5+ 53. Kd2 Kd4 54. a5 Ne7 55. Ke2 Nc6 56. a6 h4 57. Kf3 Ke5 58. Kg4 Kd6 59. Kxh4 Kc7 60. Kg5 Kb6 61. Kf5 Nd4+ 62. Ke5 Nxb3 63. Kd6 Na5 64. Bf1 c4 65. Bxc4 Nxc4+ 66. Kd5 Kxa6 1/2-1/2

[Event "Sparkassen-Open A"]
[Site "Heusenstamm, Martinsee"]
[Date "2023.11.25"]
[Round "5.70"]
[White "Kulenovic, Adnan"]
[Black "Köhlich, Viktor"]
[Result "1-0"]
[WhiteElo "1907"]
[BlackElo "1608"]
[PlyCount "63"]
[EventDate "2023.??.??"]
[WhiteTeam "SC Springer Rodenbach"]
[BlackTeam "SC Matt im Park Ffm"]

1. c4 Nf6 2. g3 g6 3. Bg2 Bg7 4. d4 d6 5. Nf3 O-O 6. O-O c5 7. Nc3 Nc6 8. dxc5 dxc5 9. Be3 Be6 10. Qa4 Nd7 11. Rfd1 Qc8 12. Nd2 Nb6 13. Qb5 Nd4 14. Bxd4 cxd4 15. Nd5 Nxd5 16. cxd5 Bd7 17. Qb3 Qe8 18. a4 Rc8 19. Nf3 d3 20. exd3 b6 21. Nd2 Rc5 22. Nc4 Bg4 23. Re1 Qd7 24. Ne5 Bxe5 25. Rxe5 Qd6 26. Rae1 e6 27. f3 f6 28. R5e3 Bf5 29. g4 Rxd5 30. gxf5 Qc5 31. fxe6 f5 32. f4 1-0

[Event "Sparkassen-Open A"]
[Site "Heusenstamm, Martinsee"]
[Date "2023.11.25"]
[Round "5.71"]
[White "Kovalskyy, Alicia"]
[Black "Krychevskiy, Dmytro"]
[Result "0-1"]
[WhiteElo "1515"]
[BlackElo "1888"]
[PlyCount "60"]
[EventDate "2023.??.??"]
[WhiteTeam "Düsseldorfer SV 1854"]
[BlackTeam "SV Oberursel"]

1. e4 e6 2. d4 d5 3. Nc3 Bb4 4. e5 c5 5. a3 Bxc3+ 6. bxc3 Ne7 7. Qg4 Kf8 8. Bg5 Nbc6 9. h4 Qa5 10. Bd2 Qa4 11. Bd3 Nxe5 12. Qg3 Nxd3+ 13. Qxd3 b6 14. Nh3 Ba6 15. Qe3 cxd4 16. cxd4 Nf5 17. Bb4+ Kg8 18. Qd2 Qc6 19. Nf4 Rc8 20. c3 Bb5 21. g4 Nh6 22. Rc1 Qc7 23. Nh5 Qd8 24. g5 Nf5 25. Rg1 h6 26. gxh6 g6 27. Nf4 Qxh4 28. Nxg6 Qe4+ 29. Kd1 Ba4+ 30. Rc2 Qxc2+ 0-1

[Event "Sparkassen-Open A"]
[Site "Heusenstamm, Martinsee"]
[Date "2023.11.25"]
[Round "5.72"]
[White "Faßler, Felix"]
[Black "Nagel, Matthias"]
[Result "1/2-1/2"]
[WhiteElo "1606"]
[BlackElo "1893"]
[PlyCount "51"]
[EventDate "2023.??.??"]
[WhiteTeam "SC Fulda"]
[BlackTeam "SV 1920 Kelsterbach"]

1. e4 c5 2. Nf3 Nc6 3. Bb5 Nf6 4. e5 Nd5 5. Nc3 Nc7 6. Bxc6 dxc6 7. Ne4 b6 8. h3 g6 9. O-O Bg7 10. d3 O-O 11. Re1 Ne6 12. a4 Qc7 13. Neg5 h6 14. Nxe6 Bxe6 15. Bf4 Rad8 16. Qd2 Kh7 17. Qe3 Qd7 18. a5 Qb7 19. Nd2 Bd5 20. Ne4 c4 21. d4 Ra8 22. c3 Bxe4 23. Qxe4 e6 24. a6 Qd7 25. h4 Qd5 26. Qxd5 1/2-1/2

[Event "Sparkassen-Open A"]
[Site "Heusenstamm, Martinsee"]
[Date "2023.11.25"]
[Round "5.73"]
[White "Weil, Michael"]
[Black "Arne, Jonas"]
[Result "1-0"]
[WhiteElo "1882"]
[BlackElo "1432"]
[PlyCount "43"]
[EventDate "2023.??.??"]
[WhiteTeam "SC Steinbach"]
[BlackTeam "SG Kaiserslautern 1905"]

1. d4 e6 2. Nf3 f5 3. Bg5 Nf6 4. Nbd2 h6 5. Bxf6 Qxf6 6. e4 b6 7. exf5 exf5 8. Ne5 g6 9. Bc4 Rh7 10. Qf3 Nc6 11. Nxc6 dxc6 12. O-O-O Bb7 13. Rhe1+ Re7 14. Rxe7+ Qxe7 15. d5 Qd6 16. Re1+ Be7 17. Re6 Qc5 18. dxc6 Bc8 19. Rxg6 a5 20. Rg8+ Bf8 21. Qh5+ Kd8 22. Qf7 1-0

[Event "Sparkassen-Open A"]
[Site "Heusenstamm, Martinsee"]
[Date "2023.11.25"]
[Round "5.74"]
[White "Stümer, Paul"]
[Black "Motzer, Marc"]
[Result "1/2-1/2"]
[WhiteElo "2115"]
[BlackElo "1725"]
[PlyCount "49"]
[EventDate "2023.??.??"]
[WhiteTeam "SV Bergneustadt/Dersch"]
[BlackTeam "SC Bad Dürkheim-Wachenheim"]

1. Nf3 d5 2. d4 Nf6 3. e3 e6 4. c4 Be7 5. b3 b6 6. Bd3 Bb7 7. O-O O-O 8. Bb2 c5 9. Ne5 Nc6 10. cxd5 Nxd5 11. Nxc6 Bxc6 12. Nd2 Rc8 13. Rc1 cxd4 14. Bxd4 Bf6 15. Bxf6 Qxf6 16. Rc4 g6 17. Ne4 Qe7 18. Qc1 Bb7 19. Qb2 f5 20. Ng3 Qg7 21. Qxg7+ Kxg7 22. Ne2 e5 23. Rfc1 Rxc4 24. Bxc4 Rc8 25. Bxd5 1/2-1/2

[Event "Sparkassen-Open A"]
[Site "Heusenstamm, Martinsee"]
[Date "2023.11.25"]
[Round "5.75"]
[White "Werner, Rosalie"]
[Black "Baumgartl, Günther"]
[Result "1/2-1/2"]
[WhiteElo "1687"]
[BlackElo "2040"]
[PlyCount "72"]
[EventDate "2023.??.??"]
[WhiteTeam "VSG 1880 Offenbach"]
[BlackTeam "SC 1952 Obertshausen"]

1. e4 d5 2. exd5 Qxd5 3. Nc3 Qa5 4. d4 c6 5. Bc4 Nf6 6. Nf3 Bg4 7. Bd2 Qb6 8. Bxf7+ Kxf7 9. Ne5+ Kg8 10. Nxg4 Qxd4 11. Ne3 Nbd7 12. Qe2 g6 13. O-O-O Bg7 14. Rhe1 e5 15. Qc4+ Kf8 16. Nb1 Qxc4 17. Nxc4 Nd5 18. Nc3 b5 19. Na5 Ne7 20. Bg5 Nf6 21. Rxe5 h6 22. Bxf6 Bxf6 23. Re6 Kf7 24. Rdd6 Bg5+ 25. Kd1 Nf5 26. Nxc6 Nxd6 27. Rxd6 a6 28. Ne4 Rhe8 29. Nc5 Bf4 30. Rd7+ Kf8 31. Nd4 Be5 32. Nde6+ Kg8 33. f4 Bxb2 34. Nc7 Bc3 35. Nxe8 Rxe8 36. Nd3 Re6 1/2-1/2

[Event "Sparkassen-Open A"]
[Site "Heusenstamm, Martinsee"]
[Date "2023.11.25"]
[Round "5.76"]
[White "Jansen, Malte"]
[Black "Bräutigam, Thomas"]
[Result "0-1"]
[WhiteElo "1685"]
[BlackElo "1992"]
[PlyCount "78"]
[EventDate "2023.??.??"]
[WhiteTeam "SJ Herborn 1998"]
[BlackTeam "SV Würzburg von 1865 e.V."]

{[%evp 0,66,22,11,46,66,51,28,44,47,39,33,65,57,68,55,53,-37,-21,-44,-4,-41,4,-56,-49,-88,-33,-42,-24,-67,-52,-121,-77,-123,-100,-188,-186,-186,-53,-31,-31,-108,-100,-86,-101,-101,-114,-103,-82,-118,-76,-118,-116,-160,-82,-80,-83,-49,-49,-116,-112,-625,-647,-685,-706,-726,-753,-764,-780]} 1. e4 c5 2. Nf3 e6 3. d4 cxd4 4. Nxd4 Nc6 5. Nc3 Qc7 6. Ndb5 Qb8 7. Be2 a6 8. Na3 b5 9. Nab1 Nf6 10. a3 Bb7 11. O-O Bc5 12. Kh1 Qa7 13. Qe1 h5 14. f3 h4 15. e5 Nh5 16. Ne4 Nxe5 17. Nxc5 Ng3+ 18. Kg1 Nxf1 19. Qf2 Nxh2 20. Nxb7 Nhxf3+ 21. gxf3 Qxb7 22. Nc3 d5 23. Bf4 Ng6 24. Bh2 Ne7 25. Kh1 Qa7 26. Qg2 O-O-O 27. Bd3 g6 28. a4 b4 29. Nd1 Nf5 30. Qf1 Ng3+ 31. Bxg3 hxg3+ 32. Kg2 Rh2+ 33. Kxg3 Rdh8 34. Bxa6+ Kd8 35. Nf2 Qc7+ 36. f4 g5 37. Nd3 f5 38. Re1 g4 39. Nf2 Qh7 0-1

[Event "Sparkassen-Open A"]
[Site "Heusenstamm, Martinsee"]
[Date "2023.11.25"]
[Round "5.77"]
[White "Pauls, Wilhelm"]
[Black "Diehl, Stefan"]
[Result "0-1"]
[WhiteElo "1967"]
[BlackElo "1789"]
[PlyCount "56"]
[EventDate "2023.??.??"]
[WhiteTeam "Sportgemeinschaft Kaarst 1912/35"]
[BlackTeam "SC 1910 Höchst"]

1. e4 c6 2. d4 d5 3. exd5 cxd5 4. c4 e6 5. Nf3 Nc6 6. Nc3 Bb4 7. Bd3 Nf6 8. O-O Bxc3 9. bxc3 O-O 10. Re1 dxc4 11. Bxc4 Ne7 12. Rb1 Qc7 13. Qb3 b6 14. Bf1 Bb7 15. c4 Bxf3 16. Qxf3 Ng6 17. g3 Rac8 18. Bg5 Nd7 19. Rbc1 e5 20. Bh3 exd4 21. Qd5 Nde5 22. Bxc8 Rxc8 23. Qe4 Qc6 24. Qxc6 Rxc6 25. Kg2 f6 26. Bd2 Nd3 27. Red1 Nxc1 28. Bxc1 Rxc4 0-1

[Event "Sparkassen-Open A"]
[Site "Heusenstamm, Martinsee"]
[Date "2023.11.25"]
[Round "5.78"]
[White "Peri, Jean-Christophe"]
[Black "Poetsch, Leonore"]
[Result "1/2-1/2"]
[WhiteElo "1667"]
[BlackElo "1957"]
[PlyCount "53"]
[EventDate "2023.??.??"]
[WhiteTeam "SK Herborn 1946"]
[BlackTeam "VSG 1880 Offenbach"]

1. d4 d5 2. c4 c6 3. e3 Nf6 4. Nc3 Bg4 5. Be2 Bxe2 6. Qxe2 e6 7. Nf3 Bd6 8. e4 dxe4 9. Nxe4 Be7 10. O-O Nbd7 11. Nc3 O-O 12. b3 Re8 13. Bb2 Qc7 14. Rac1 Rad8 15. Rfd1 Qb8 16. Qc2 c5 17. d5 exd5 18. Nxd5 Nxd5 19. Rxd5 b6 20. Rcd1 Nf6 21. Rxd8 Rxd8 22. h3 h6 23. Ne5 Rxd1+ 24. Qxd1 Qc8 25. Qf3 a6 26. Qd3 Qe6 27. f4 1/2-1/2

[Event "Sparkassen-Open A"]
[Site "Heusenstamm, Martinsee"]
[Date "2023.11.25"]
[Round "5.79"]
[White "Zerhusen, Martin"]
[Black "Heppert, Lars"]
[Result "0-1"]
[WhiteElo "1673"]
[BlackElo "1943"]
[PlyCount "58"]
[EventDate "2023.??.??"]
[WhiteTeam "SV Oberursel"]
[BlackTeam "SK Neuburg"]

1. d4 d5 2. c4 e6 3. Nc3 a6 4. e3 Nf6 5. Nf3 Be7 6. Be2 O-O 7. O-O Nbd7 8. Bd2 dxc4 9. Bxc4 b5 10. Be2 Bb7 11. a3 c5 12. dxc5 Nxc5 13. Rc1 Qb6 14. b4 Nce4 15. Nxe4 Nxe4 16. Bc3 Nxc3 17. Rxc3 Rfd8 18. Qb1 Bf6 19. Rcc1 Rd5 20. Rfd1 Rad8 21. Rxd5 Rxd5 22. Qc2 Bd8 23. Nd4 e5 24. Nb3 Rd7 25. Qf5 Rc7 26. Qb1 Rxc1+ 27. Qxc1 Qg6 28. g3 Bb6 29. Bf1 Qe4 0-1

[Event "Sparkassen-Open A"]
[Site "Heusenstamm, Martinsee"]
[Date "2023.11.25"]
[Round "5.80"]
[White "von Wahden, Jens"]
[Black "Woods, Yannick"]
[Result "0-1"]
[WhiteElo "1904"]
[BlackElo "1801"]
[PlyCount "85"]
[EventDate "2023.??.??"]
[WhiteTeam "SV Oberursel"]
[BlackTeam "Sligo Chess Club"]

1. d4 Nf6 2. c4 e6 3. Nf3 b6 4. g3 Bb7 5. Bg2 Bb4+ 6. Bd2 Bxd2+ 7. Qxd2 d6 8. O-O O-O 9. Nc3 Nbd7 10. Rfd1 Qe7 11. Rac1 Ne4 12. Qc2 Nxc3 13. Qxc3 Nf6 14. b4 c5 15. dxc5 dxc5 16. b5 Rfd8 17. Ne5 Bxg2 18. Kxg2 a6 19. Nc6 Qb7 20. Qf3 Rxd1 21. Rxd1 Kf8 22. a4 axb5 23. axb5 Re8 24. Qd3 Kg8 25. f3 h6 26. Qd6 Ra8 27. h4 Ne8 28. Qd3 Kh8 29. Ne5 Nf6 30. Kf2 Qc7 31. Qd6 Ra7 32. Qf8+ Kh7 33. Nc6 Ra3 34. Qd6 Qb7 35. Nd8 Qa7 36. Qf8 Qa4 37. Re1 Qxc4 38. Nxf7 Qd4+ 39. Kf1 Ne4 40. fxe4 Rxg3 41. Ng5+ hxg5 42. e3 Qxe4 43. Kf2 0-1

[Event "Sparkassen-Open A"]
[Site "Heusenstamm, Martinsee"]
[Date "2023.11.25"]
[Round "5.81"]
[White "Berberich, Christoph"]
[Black "Binner, Peter"]
[Result "1-0"]
[WhiteElo "1859"]
[BlackElo "1793"]
[PlyCount "61"]
[EventDate "2023.??.??"]
[WhiteTeam "SK Freiburg-Zähringen 1887 e.V."]
[BlackTeam "Vorw.Orient Mainz"]

1. d4 Nf6 2. Nf3 e6 3. c4 b6 4. a3 Bb7 5. Nc3 Be7 6. d5 exd5 7. cxd5 d6 8. e4 Nbd7 9. Be2 O-O 10. O-O Nc5 11. Qc2 a5 12. Bf4 Nh5 13. Be3 g6 14. Nd4 Ng7 15. f4 f5 16. e5 dxe5 17. fxe5 Kh8 18. Bf3 Bg5 19. Bf2 Nd7 20. Rfe1 Re8 21. e6 Nf6 22. Qb3 Re7 23. Rad1 Nge8 24. Nc6 Bxc6 25. dxc6 Nd6 26. Bd4 Kg8 27. Bxf6 Bxf6 28. Nd5 Qf8 29. Nxc7 Rd8 30. Nd5 Kg7 31. c7 1-0

[Event "Sparkassen-Open A"]
[Site "Heusenstamm, Martinsee"]
[Date "2023.11.25"]
[Round "5.82"]
[White "Fischermann, Simon"]
[Black "Lotz, Ralf"]
[Result "1-0"]
[WhiteElo "1634"]
[BlackElo "1872"]
[PlyCount "137"]
[EventDate "2023.??.??"]
[WhiteTeam "SG Porz e. V."]
[BlackTeam "SC 1952 Obertshausen"]

1. e4 c6 2. Nf3 d5 3. Nc3 e6 4. d4 Nf6 5. Bg5 Be7 6. Bxf6 Bxf6 7. e5 Be7 8. Bd3 c5 9. Qd2 Nc6 10. Bb5 O-O 11. Bxc6 bxc6 12. O-O-O Rb8 13. Nb1 cxd4 14. Nxd4 Qb6 15. b3 a5 16. f4 a4 17. g4 c5 18. Nf3 axb3 19. cxb3 c4 20. Nd4 Ba6 21. f5 Rfc8 22. Kb2 Bb4 23. Qf4 Qa5 24. Rc1 c3+ 25. Ka1 Ba3 26. Nxa3 Qxa3 27. Qf2 Bd3 28. h4 Ra8 29. Rc2 Bxc2 30. Qxc2 Qb4 31. Rd1 Ra3 32. Ne2 Qxg4 33. f6 Qe4 34. Qxe4 dxe4 35. Nxc3 gxf6 36. exf6 e3 37. Rd3 Ra5 38. Rxe3 Rf5 39. Kb2 Rxf6 40. a4 Rf4 41. h5 Rc5 42. Rh3 Rff5 43. Ne4 Rce5 44. Nd6 Rxh5 45. Rf3 f5 46. Kc3 Rh1 47. Nc4 Rd5 48. a5 h5 49. b4 Rc1+ 50. Kb3 Rd4 51. Na3 Rcd1 52. Ka4 R1d3 53. Rxd3 Rxd3 54. a6 h4 55. a7 Rd8 56. b5 h3 57. b6 h2 58. b7 h1=Q 59. b8=Q Qa8 60. Qb6 Kf7 61. Qc7+ Kf6 62. Nc4 Rc8 63. Qe5+ Ke7 64. Qg7+ Kd8 65. Qf8+ Kd7 66. Nb6+ Kc6 67. Nxc8 Kb7 68. Qc5 f4 69. Kb5 1-0

[Event "Sparkassen-Open A"]
[Site "Heusenstamm, Martinsee"]
[Date "2023.11.25"]
[Round "5.83"]
[White "Reinecke, Katharina"]
[Black "Blomer, Moritz"]
[Result "1/2-1/2"]
[WhiteElo "1861"]
[BlackElo "1758"]
[PlyCount "85"]
[EventDate "2023.??.??"]
[WhiteTeam "SK Langen"]
[BlackTeam "SG Porz e. V."]

1. e4 c6 2. Nf3 d5 3. d3 dxe4 4. dxe4 Qxd1+ 5. Kxd1 Nf6 6. Nfd2 e5 7. f3 Be6 8. Bc4 Bxc4 9. Nxc4 Nfd7 10. a4 f6 11. Ke2 Nb6 12. Nbd2 N8d7 13. a5 Nxc4 14. Nxc4 O-O-O 15. Rd1 Kc7 16. Be3 c5 17. Bf2 Nb8 18. Rxd8 Kxd8 19. b4 cxb4 20. Bxa7 Na6 21. Rd1+ Ke8 22. Nd6+ Bxd6 23. Rxd6 Rf8 24. Kd3 Ke7 25. Rb6 Rd8+ 26. Kc4 Rc8+ 27. Kb3 Rc7 28. Rb5 Rc3+ 29. Kb2 Rc7 30. Rd5 Rc6 31. g3 Rc3 32. Rd3 Rc8 33. f4 Nc5 34. Bxc5+ Rxc5 35. Rb3 Rc4 36. Re3 Rc5 37. Kb3 Rxa5 38. Kxb4 Ra6 39. fxe5 fxe5 40. Rc3 Kd6 41. Rd3+ Ke6 42. Rd8 Rb6+ 43. Kc4 1/2-1/2

[Event "Sparkassen-Open A"]
[Site "Heusenstamm, Martinsee"]
[Date "2023.11.25"]
[Round "5.84"]
[White "Mohr, Thomas"]
[Black "Arkhipenko, Denis"]
[Result "1/2-1/2"]
[WhiteElo "1857"]
[BlackElo "1658"]
[PlyCount "35"]
[EventDate "2023.??.??"]
[WhiteTeam "SC FK Babenhausen 1994"]
[BlackTeam "SC Heusenstamm"]

1. f4 d5 2. Nf3 Bf5 3. e3 e6 4. b3 Nf6 5. Bb2 Be7 6. Be2 h6 7. Nc3 a6 8. Ne5 Nbd7 9. Nxd7 Qxd7 10. d4 b5 11. Bd3 b4 12. Ne2 Ne4 13. O-O O-O 14. Ng3 Nxg3 15. hxg3 Bxd3 16. Qxd3 Qb5 17. Qd2 Bf6 18. c3 1/2-1/2

[Event "Sparkassen-Open A"]
[Site "Heusenstamm, Martinsee"]
[Date "2023.11.25"]
[Round "5.85"]
[White "Neininger, Sarah"]
[Black "Vangsgaard, Claus"]
[Result "0-1"]
[WhiteElo "1604"]
[BlackElo "1853"]
[PlyCount "92"]
[EventDate "2023.??.??"]
[WhiteTeam "VSG 1880 Offenbach"]
[BlackTeam "Vejlby-Risskov SK"]

1. e4 c6 2. d4 d5 3. Nc3 dxe4 4. Nxe4 Bf5 5. Ng3 Bg6 6. Nh3 e6 7. Nf4 Bd6 8. c3 Nf6 9. h4 Qc7 10. Qf3 Nd5 11. Nxg6 hxg6 12. Ne4 Bf4 13. Bxf4 Nxf4 14. g3 Nh5 15. Bg2 Nd7 16. c4 Nhf6 17. O-O Nxe4 18. Qxe4 Nf6 19. Qf3 O-O 20. Rfd1 Rfd8 21. b4 Rd7 22. Qc3 Rad8 23. Bf3 Qb6 24. d5 cxd5 25. cxd5 Nxd5 26. Bxd5 Rxd5 27. Rxd5 exd5 28. Rd1 d4 29. Qc4 d3 30. a3 d2 31. Qc2 Qd4 32. Kf1 Qd5 33. Kg1 Kh7 34. Qc3 Rd6 35. Qe3 f6 36. Qc3 g5 37. Qc2+ Kh6 38. hxg5+ fxg5 39. Qc3 Rd7 40. Qe3 Rd6 41. f4 g4 42. Kf2 Kh7 43. Qe2 Rh6 44. Qxg4 Qd4+ 45. Kf3 Qd3+ 46. Kf2 Qe4 0-1

[Event "Sparkassen-Open A"]
[Site "Heusenstamm, Martinsee"]
[Date "2023.11.25"]
[Round "5.86"]
[White "Prill, Gerhard"]
[Black "Schneider, Till"]
[Result "1-0"]
[WhiteElo "1835"]
[BlackElo "1575"]
[PlyCount "81"]
[EventDate "2023.??.??"]
[WhiteTeam "SC Heitersheim"]
[BlackTeam "SC Brett vorm Kopp Ffm"]

{[%evp 0,81,19,25,42,37,37,23,16,32,24,15,15,15,21,31,40,39,47,25,25,30,19,17,17,16,39,5,7,8,66,33,48,0,0,0,10,-28,-27,-32,13,18,81,59,291,334,307,312,459,295,314,300,314,304,376,379,454,380,368,366,387,387,387,359,439,401,410,414,434,447,472,494,507,513,515,515,680,723,1080,952,1508,2068,29975,29976]} 1. e4 e6 2. d4 d5 3. Nc3 Bb4 4. e5 c5 5. a3 Bxc3+ 6. bxc3 Qa5 7. Bd2 Qa4 8. Qg4 g6 9. Rc1 Qxa3 10. Nf3 c4 11. Be2 Nc6 12. O-O Qa4 13. h4 h5 14. Qg5 Qa5 15. Qf4 Qc7 16. Qg3 a5 17. Ra1 a4 18. Ra3 b5 19. Rb1 Qe7 20. Ra2 Bd7 21. Rxb5 Nxe5 22. Qxe5 Bxb5 23. Qxh8 Kd7 24. Qe5 a3 25. Bf4 Ke8 26. Qd6 Qb7 27. Rxa3 Ba4 28. Qb4 Qxb4 29. cxb4 Bc6 30. Rxa8+ Bxa8 31. Ne5 Nf6 32. f3 Nd7 33. g4 Nxe5 34. Bxe5 Ke7 35. gxh5 gxh5 36. f4 f6 37. Bb8 f5 38. Bxh5 Bc6 39. Kf2 Kf8 40. Be5 Kg8 41. Bg6 1-0

[Event "Sparkassen-Open A"]
[Site "Heusenstamm, Martinsee"]
[Date "2023.11.25"]
[Round "5.87"]
[White "John, Volkmar"]
[Black "Held, Costa"]
[Result "1/2-1/2"]
[WhiteElo "1646"]
[BlackElo "1699"]
[PlyCount "33"]
[EventDate "2023.??.??"]
[WhiteTeam "SK Herborn 1946"]
[BlackTeam "SC Frankfurt-West"]

1. c4 e5 2. g3 Nc6 3. Bg2 Nf6 4. Nc3 d6 5. Nf3 g6 6. O-O Bg7 7. d4 O-O 8. dxe5 Nxe5 9. Nxe5 dxe5 10. b3 c6 11. Qc2 Be6 12. Ba3 Re8 13. Rfd1 Qa5 14. Bd6 Bf8 15. Bxf8 Kxf8 16. Rd2 Rad8 17. Rad1 1/2-1/2

[Event "Sparkassen-Open A"]
[Site "Heusenstamm, Martinsee"]
[Date "2023.11.25"]
[Round "5.88"]
[White "Klein, Levent"]
[Black "Klein, Deniz"]
[Result "1-0"]
[WhiteElo "1607"]
[BlackElo "1565"]
[PlyCount "101"]
[EventDate "2023.??.??"]
[WhiteTeam "SG Kaiserslautern 1905"]
[BlackTeam "SG Kaiserslautern 1905"]

1. d4 Nf6 2. c4 e6 3. Nf3 d5 4. Nc3 Be7 5. Bg5 O-O 6. e3 b6 7. cxd5 exd5 8. Bd3 Bb7 9. Qc2 Nbd7 10. O-O h6 11. Bf4 c5 12. Rac1 Rc8 13. Qe2 Ne4 14. Ba6 Nxc3 15. bxc3 Bxa6 16. Qxa6 Ra8 17. Rfd1 Nf6 18. dxc5 bxc5 19. c4 Qb6 20. Qxb6 axb6 21. cxd5 Rxa2 22. d6 Bd8 23. Ne5 Nh5 24. Bg3 Nxg3 25. hxg3 Ra7 26. Nc6 Rd7 27. Rb1 f6 28. e4 Re8 29. Nb8 Rb7 30. Nc6 Rd7 31. f3 Kf7 32. Nxd8+ Rexd8 33. Rxb6 Ke6 34. Rc6 Rxd6 35. Rdxd6+ Rxd6 36. Rxc5 Rd2 37. Rc7 Rd7 38. Rxd7 Kxd7 39. Kf2 Kd6 40. Ke3 g5 41. Kd4 Ke6 42. f4 h5 43. fxg5 fxg5 44. e5 h4 45. g4 Ke7 46. Kd5 Kd7 47. e6+ Ke7 48. Ke5 Ke8 49. Kf6 Kf8 50. Kxg5 Ke7 51. Kf5 1-0

[Event "Sparkassen-Open A"]
[Site "Heusenstamm, Martinsee"]
[Date "2023.11.25"]
[Round "5.89"]
[White "Wahlund, Max"]
[Black "Alt, Johannes"]
[Result "1-0"]
[WhiteElo "2079"]
[BlackElo "1557"]
[PlyCount "67"]
[EventDate "2023.??.??"]
[WhiteTeam "Europchess Brussels"]
[BlackTeam "Sfr.Heidesheim"]

1. e4 e6 2. d4 d5 3. Nc3 Bb4 4. e5 c5 5. a3 Bxc3+ 6. bxc3 Ne7 7. Qg4 O-O 8. Nf3 Nbc6 9. Bd3 Qc7 10. O-O f5 11. exf6 Rxf6 12. Qh5 g6 13. Qh4 Rf8 14. c4 cxd4 15. cxd5 exd5 16. Nxd4 Nf5 17. Bxf5 Bxf5 18. Bb2 Rf7 19. Nxc6 bxc6 20. Qd4 Rg7 21. c4 Rd8 22. cxd5 cxd5 23. Rac1 Qb7 24. Qxg7+ Qxg7 25. Bxg7 Kxg7 26. Rc7+ Rd7 27. Rfc1 Kf6 28. Rxd7 Bxd7 29. Rc7 Bb5 30. Rxa7 d4 31. Rb7 Be2 32. Rb2 d3 33. f3 Ke5 34. Rxe2+ 1-0

[Event "Sparkassen-Open A"]
[Site "Heusenstamm, Martinsee"]
[Date "2023.11.25"]
[Round "5.90"]
[White "Werner, Tom"]
[Black "Rüll, Michael"]
[Result "1/2-1/2"]
[WhiteElo "1822"]
[BlackElo "1753"]
[PlyCount "38"]
[EventDate "2023.??.??"]
[WhiteTeam "VSG 1880 Offenbach"]
[BlackTeam "SC 1952 Obertshausen"]

1. c4 Nf6 2. g3 g6 3. Bg2 Bg7 4. Nc3 O-O 5. d4 d6 6. Nf3 Nc6 7. O-O Bd7 8. a3 Qc8 9. Re1 Bh3 10. Bh1 Nh5 11. Nd5 e5 12. dxe5 dxe5 13. e4 f5 14. Ng5 f4 15. Nxh3 Qxh3 16. g4 f3 17. gxh5 Qg4+ 18. Kf1 Qh3+ 19. Kg1 Qg4+ 1/2-1/2

[Event "Sparkassen-Open A"]
[Site "Heusenstamm, Martinsee"]
[Date "2023.11.25"]
[Round "5.91"]
[White "Rabiya, Karim"]
[Black "Woestmann, Ulrich"]
[Result "0-1"]
[WhiteElo "1737"]
[BlackElo "1937"]
[PlyCount "69"]
[EventDate "2023.??.??"]
[WhiteTeam "SK Niederbrechen 1948"]
[BlackTeam "SV Ahlen 1954 e. V."]

1. e4 c5 2. Nf3 d6 3. d4 cxd4 4. Nxd4 Nf6 5. Nc3 a6 6. g3 e5 7. Nde2 Be7 8. Bg2 Qc7 9. O-O O-O 10. h3 b5 11. Be3 Bb7 12. g4 b4 13. Nd5 Nxd5 14. exd5 Nd7 15. Rc1 Rac8 16. c4 bxc3 17. Rxc3 Qb8 18. Ng3 Rxc3 19. bxc3 g6 20. Bh6 Rc8 21. Qd2 Qc7 22. Rc1 Bf8 23. Ne4 Bg7 24. Kh2 Nc5 25. c4 Rf8 26. Bxg7 Kxg7 27. f4 f6 28. h4 Bc8 29. Nxc5 Qxc5 30. Bf3 Re8 31. Kg3 exf4+ 32. Kxf4 h6 33. Rc3 g5+ 34. Kg3 Qg1+ 35. Qg2 0-1

[Event "Sparkassen-Open A"]
[Site "Heusenstamm, Martinsee"]
[Date "2023.11.25"]
[Round "5.92"]
[White "Brehme, Ralf-Peter"]
[Black "Raumanns, Niklas"]
[Result "1/2-1/2"]
[WhiteElo "1935"]
[BlackElo "1729"]
[PlyCount "42"]
[EventDate "2023.??.??"]
[WhiteTeam "Vorw.Orient Mainz"]
[BlackTeam "SC Bergen-Enkheim 1922"]

1. f4 Nf6 2. Nf3 d5 3. g3 Bf5 4. Bg2 e6 5. O-O c5 6. d3 Nc6 7. e3 Be7 8. Qe1 h6 9. Nh4 Bh7 10. f5 Qd7 11. fxe6 Qxe6 12. Nc3 Rd8 13. Ne2 O-O 14. Nf4 Qd6 15. Nf3 Nb4 16. Qd1 g5 17. Ne2 c4 18. Ne1 cxd3 19. Nxd3 Nxd3 20. cxd3 Qa6 21. Nd4 Bxd3 1/2-1/2

[Event "Sparkassen-Open A"]
[Site "Heusenstamm, Martinsee"]
[Date "2023.11.25"]
[Round "5.93"]
[White "Büse, Ralf"]
[Black "Gärtner, Johannes"]
[Result "1/2-1/2"]
[WhiteElo "1898"]
[BlackElo "1582"]
[PlyCount "27"]
[EventDate "2023.??.??"]
[WhiteTeam "SC Ladja Roßdorf"]
[BlackTeam "Sfr.Mainz 1928"]

1. d4 Nf6 2. Nf3 d5 3. g3 e6 4. Bg2 Be7 5. O-O O-O 6. c4 dxc4 7. Qc2 c5 8. Qxc4 cxd4 9. Nxd4 Qb6 10. Nc3 Rd8 11. Nb3 Na6 12. Be3 Qc7 13. Qxc7 Nxc7 14. Rfd1 1/2-1/2

[Event "Sparkassen-Open A"]
[Site "Heusenstamm, Martinsee"]
[Date "2023.11.25"]
[Round "5.94"]
[White "Füssel, Jan Michael"]
[Black "Gürtler, Karlheinz"]
[Result "1-0"]
[WhiteElo "1720"]
[BlackElo "1871"]
[PlyCount "157"]
[EventDate "2023.??.??"]
[WhiteTeam "SV Wersten 1964 e. V."]
[BlackTeam "SC Ober-Ramstadt"]

1. b3 Nf6 2. Bb2 g6 3. e3 Bg7 4. Nf3 O-O 5. c4 d6 6. d4 Bg4 7. Be2 Re8 8. O-O Nc6 9. d5 Nb4 10. a3 Na6 11. Nc3 Ne4 12. Qc2 Nxc3 13. Bxc3 Bxc3 14. Qxc3 e5 15. dxe6 Bxe6 16. b4 Qe7 17. Rfd1 Rad8 18. Rac1 Nb8 19. Nd2 Bd7 20. Bd3 Bg4 21. Re1 Qe5 22. Qd4 Qxd4 23. exd4 Nc6 24. f3 Bd7 25. Nb3 Ne7 26. Be4 Ba4 27. Nd2 c6 28. Bc2 Bxc2 29. Rxc2 Nf5 30. Rxe8+ Rxe8 31. Ne4 Kg7 32. d5 Nd4 33. Rd2 Nb3 34. Rd3 Nc1 35. Rd1 cxd5 36. cxd5 Rc8 37. Nxd6 Rc2 38. Ne4 Ne2+ 39. Kf1 Nf4 40. Nf2 Rc7 41. g3 Nh5 42. Nd3 Nf6 43. d6 Rc8 44. Nc5 b6 45. Na6 Nd7 46. Nc7 Kf6 47. f4 h5 48. Kf2 Rd8 49. Kf3 Kg7 50. Rd3 Nf6 51. Nb5 Rd7 52. Nc7 Kf8 53. h3 Ne8 54. Nxe8 Kxe8 55. Ke4 Rd8 56. Kd5 Rc8 57. Re3+ Kd8 58. Re7 Rc3 59. Rxa7 Rxg3 60. Kc6 Rc3+ 61. Kxb6 Rxh3 62. Rxf7 Rxa3 63. Rg7 Rg3 64. Kc6 Rc3+ 65. Kd5 Rb3 66. Rxg6 Rxb4 67. Rg8+ Kd7 68. Rg7+ Kd8 69. f5 Rf4 70. Ke5 Rf1 71. Rh7 Re1+ 72. Kf6 Rd1 73. Ke6 Re1+ 74. Kf7 Kd7 75. Rxh5 Kxd6 76. f6 Ra1 77. Kg6 Ra6 78. f7 Ke7+ 79. Kg7 1-0